[Event "Bucharest Grand Prix op"]
[Site "Bucharest"]
[Date "2024.03.24"]
[Round "8"]
[White "Zubcu, Vlad George"]
[Black "Manea, Alexandru"]
[Result "0-1"]
[WhiteElo "2181"]
[BlackElo "2287"]
[PlyCount "120"]
[EventDate "2024.03.23"]
[EventType "swiss (rapid)"]
[EventRounds "10"]
[EventCountry "ROU"]
[SourceTitle "CB13_2024"]
[SourceDate "2024.03.27"]
[SourceVersion "1"]
[SourceVersionDate "2024.03.27"]
[SourceQuality "1"]

1. e4 c5 2. Nc3 e6 3. g3 h5 4. Bg2 h4 5. g4 e5 6. d3 g5 7. h3 d6 8. Nf3 f6 9. b4 cxb4 10. Nd5 Nc6 11. Bd2 Be6 12. Nxb4 Nxb4 13. Bxb4 Ne7 14. c4 Nc6 15. Bd2 Be7 16. a4 Qd7 17. a5 Kf7 18. 0-0 Rab8 19. Kh2 b5 20. axb6 Rxb6 21. Be3 Rb7 22. Qc1 Kg6 23. d4 Bf7 24. d5 Nb8 25. c5 dxc5 26. Bxg5 Kg7 27. Bxh4 Rb3 28. Qd1 Rxf3 29. Qxf3 Rxh4 30. Rfb1 Rh8 31. Kg1 c4 32. Bf1 Bc5 33. Bxc4 Bb6 34. Kg2 Qd6 35. Bb5 Bg6 36. Qe2 Qe7 37. Rc1 Qd6 38. f3 Qd8 39. Rh1 Nd7 40. Bxd7 Qxd7 41. h4 Qd6 42. Qc4 Be8 43. h5 Bd7 44. Rhc1 Rc8 45. Qe2 Rxc1 46. Rxc1 Qa3 47. Qc2 Qe3 48. Rd1 Bb5 49. Qd2 Qb3 50. d6 Bd7 51. g5 Qf7 52. g6 Qe6 53. Rh1 f5 54. h6+ Kh8 55. Qg5 Qa2+ 56. Kh3 fxe4+ 57. Kh4 Qf2+ 58. Qg3 Bd8+ 59. Kh5 Qxg3 60. g7+ Kh7 0-1

[Event "Sebes GP op"]
[Site "Sebes"]
[Date "2023.11.05"]
[Round "6"]
[White "Manea, Alexandru"]
[Black "Kantor, Gergely"]
[Result "0-1"]
[WhiteElo "2274"]
[BlackElo "2527"]
[PlyCount "38"]
[EventDate "2023.11.04"]
[EventType "swiss"]
[EventRounds "10"]
[EventCountry "ROU"]
[SourceTitle "CB46_2023"]
[SourceDate "2023.11.15"]
[SourceVersion "1"]
[SourceVersionDate "2023.11.15"]
[SourceQuality "1"]

1. d4 Nf6 2. Nf3 d5 3. g3 g6 4. Bg2 Bg7 5. 0-0 c6 6. c4 dxc4 7. Na3 b5 8. Ne5 Nd5 9. b3 c3 10. Nc2 a5 11. e4 Nb4 12. a3 Nxc2 13. Qxc2 c5 14. Qe2 0-0 15. Qxb5 cxd4 16. Rd1 c2 17. Rd2 Ba6 18. Qc5 d3 19. Bb2 Nd7 0-1

[Event "Sebes GP op"]
[Site "Sebes"]
[Date "2023.11.04"]
[Round "4"]
[White "Anton, Teodor"]
[Black "Manea, Alexandru"]
[Result "1/2-1/2"]
[WhiteElo "2420"]
[BlackElo "2274"]
[PlyCount "59"]
[EventDate "2023.11.04"]
[EventType "swiss"]
[EventRounds "10"]
[EventCountry "ROU"]
[SourceTitle "CB46_2023"]
[SourceDate "2023.11.15"]
[SourceVersion "1"]
[SourceVersionDate "2023.11.15"]
[SourceQuality "1"]

1. Nf3 d5 2. d4 Nf6 3. Bf4 Bf5 4. e3 e6 5. c4 c6 6. Qb3 Qb6 7. c5 Qxb3 8. axb3 Bxb1 9. Rxb1 Nbd7 10. b4 a6 11. Ra1 Rc8 12. h3 Be7 13. Bd3 Bd8 14. Ke2 0-0 15. Bd6 Re8 16. g4 Bc7 17. Bxc7 Rxc7 18. g5 Nh5 19. Kd2 f5 20. gxf6 Nhxf6 21. Ne5 Nxe5 22. dxe5 Ne4+ 23. Ke2 Rf8 24. Rh2 Rcf7 25. Bxe4 dxe4 26. Rd1 Rf5 27. Rd7 R8f7 28. Rd8+ Rf8 29. Rd7 R8f7 30. Rd8+ 1/2-1/2

[Event "Sebes GP op"]
[Site "Sebes"]
[Date "2023.11.04"]
[Round "3"]
[White "Manea, Alexandru"]
[Black "Saioc, David"]
[Result "1-0"]
[WhiteElo "2274"]
[BlackElo "2035"]
[PlyCount "65"]
[EventDate "2023.11.04"]
[EventType "swiss"]
[EventRounds "10"]
[EventCountry "ROU"]
[SourceTitle "CB46_2023"]
[SourceDate "2023.11.15"]
[SourceVersion "1"]
[SourceVersionDate "2023.11.15"]
[SourceQuality "1"]

1. c4 b6 2. Nc3 Bb7 3. Nf3 Nf6 4. Qc2 d6 5. d4 Nbd7 6. e4 e5 7. d5 a5 8. Be2 g6 9. 0-0 Bg7 10. Ne1 0-0 11. Nd3 Nc5 12. Nxc5 dxc5 13. Bg5 Qd7 14. b3 Ne8 15. Bd3 Nd6 16. Qd2 f5 17. exf5 gxf5 18. Rae1 e4 19. Bc2 Rae8 20. Kh1 b5 21. cxb5 Nxb5 22. Nxb5 Qxb5 23. f3 exf3 24. gxf3 Kh8 25. Bd3 Qd7 26. Bc4 Bd4 27. Be3 Qg7 28. Bxd4 cxd4 29. Rg1 Qf6 30. Qxa5 Rxe1 31. Rxe1 Qh4 32. Qd2 f4 33. Qxd4+ 1-0

[Event "Brasov GP RO"]
[Site "Brasov"]
[Date "2023.07.22"]
[Round "9"]
[White "Manea, Alexandru"]
[Black "Veress, Armand"]
[Result "0-1"]
[WhiteElo "2319"]
[BlackElo "2034"]
[PlyCount "92"]
[EventDate "2023.07.16"]
[EventType "swiss"]
[EventRounds "9"]
[EventCountry "ROU"]
[SourceTitle "CBM 215 Extra"]
[Source "ChessBase"]
[SourceDate "2023.09.30"]
[SourceVersion "1"]
[SourceVersionDate "2023.09.30"]
[SourceQuality "1"]

1. e4 c5 2. Nf3 Nc6 3. d4 cxd4 4. Nxd4 g6 5. c4 Nf6 6. Nc3 d6 7. Be2 Nxd4 8. Qxd4 Bg7 9. Be3 0-0 10. Qd2 Ng4 11. Bd4 e5 12. Be3 Nxe3 13. Qxe3 Be6 14. 0-0 a6 15. Rfd1 Rc8 16. b3 h5 17. Rd3 Rc6 18. Rad1 Qb8 19. Nd5 Kh7 20. Nb4 Bh6 21. Nxc6 bxc6 22. Qg3 Rd8 23. Qh4 Qc7 24. h3 Kg7 25. Rf3 Qa5 26. b4 Qc7 27. Qf6+ Kh7 28. Ra3 Rb8 29. Rb1 a5 30. b5 cxb5 31. cxb5 Bc1 32. Rg3 Bf4 33. Ra3 Qc5 34. Rf3 Bxa2 35. Ra1 Be6 36. g3 Qd4 37. Rfa3 Bxg3 38. Qf3 Bh4 39. Rxa5 Rc8 40. R5a4 Qb2 41. Bd3 Rc3 42. Qe2 Rc1+ 43. Rxc1 Qxc1+ 44. Kg2 Bxh3+ 45. Kh2 Qf4+ 46. Kxh3 Bxf2 0-1

[Event "Brasov GP RO"]
[Site "Brasov"]
[Date "2023.07.21"]
[Round "8"]
[White "Radu, David Cr"]
[Black "Manea, Alexandru"]
[Result "1/2-1/2"]
[WhiteElo "2067"]
[BlackElo "2319"]
[PlyCount "126"]
[EventDate "2023.07.16"]
[EventType "swiss"]
[EventRounds "9"]
[EventCountry "ROU"]
[SourceTitle "CBM 215 Extra"]
[Source "ChessBase"]
[SourceDate "2023.09.30"]
[SourceVersion "1"]
[SourceVersionDate "2023.09.30"]
[SourceQuality "1"]

1. e4 c6 2. d4 d5 3. exd5 cxd5 4. Bf4 Nc6 5. c3 Bf5 6. Nd2 e6 7. Ngf3 f6 8. Nh4 g5 9. Qh5+ Kd7 10. g4 Bc2 11. Rc1 gxf4 12. Rxc2 Qe8 13. Qxe8+ Rxe8 14. Rg1 e5 15. dxe5 fxe5 16. Nb3 Nf6 17. g5 Ne4 18. Bg2 Nxg5 19. Bxd5 Be7 20. Nf5 e4 21. Kd1 Bf6 22. h4 Nf3 23. Rg4 Kc7 24. Rxf4 Rd8 25. Ne3 Bxh4 26. Nc5 Rxd5+ 27. Nxd5+ Kd6 28. Nxe4+ Kxd5 29. Re2 Nce5 30. Nd2 Bg5 31. Rxf3 Nxf3 32. Nxf3 Bf6 33. Ke1 Rg8 34. Kf1 b5 35. Rd2+ Kc6 36. Nd4+ Kc5 37. Nb3+ Kc6 38. Na5+ Kc7 39. Rd5 Rg5 40. Rd3 Rf5 41. Nb3 h5 42. Nd4 Bxd4 43. Rxd4 Kc6 44. f4 a5 45. a3 Rf8 46. Kg2 Rf7 47. Kf3 Rf8 48. b3 Rf7 49. Rd8 Kb6 50. Rb8+ Ka6 51. Rh8 Rc7 52. Rxh5 Rxc3+ 53. Ke4 Rxb3 54. f5 Rxa3 55. f6 Rc3 56. Rh8 Rc7 57. Kd5 a4 58. Kd6 Ra7 59. Ke6 a3 60. f7 Rxf7 61. Kxf7 Ka5 62. Ke6 Ka4 63. Kd5 a2 1/2-1/2

[Event "Brasov GP RO"]
[Site "Brasov"]
[Date "2023.07.19"]
[Round "5"]
[White "Manea, Alexandru"]
[Black "Butolo, Alexandru Mircea"]
[Result "1/2-1/2"]
[WhiteElo "2319"]
[BlackElo "2005"]
[PlyCount "97"]
[EventDate "2023.07.16"]
[EventType "swiss"]
[EventRounds "9"]
[EventCountry "ROU"]
[SourceTitle "CBM 215 Extra"]
[Source "ChessBase"]
[SourceDate "2023.09.30"]
[SourceVersion "1"]
[SourceVersionDate "2023.09.30"]
[SourceQuality "1"]

1. d4 Nf6 2. Nf3 d5 3. c4 e6 4. g3 Bb4+ 5. Nc3 0-0 6. Bg2 dxc4 7. 0-0 Nc6 8. Qa4 Nd5 9. Qc2 Be7 10. Rd1 Ncb4 11. Qd2 c6 12. Ne5 Qc7 13. a3 Nxc3 14. Qxc3 Nd5 15. Qxc4 Rd8 16. e4 Nb6 17. Qc2 Nd7 18. Nc4 Nf8 19. Bf4 Qd7 20. h4 Ng6 21. Be3 h6 22. Rac1 Qe8 23. Qb3 b5 24. Na5 Bd7 25. Qc2 Rdc8 26. b4 e5 27. h5 exd4 28. hxg6 dxe3 29. gxf7+ Kxf7 30. Qb3+ Be6 31. Qxe3 Bg5 32. f4 Bd8 33. Nb7 Bb6 34. Nc5 a5 35. f5 Bc4 36. e5 axb4 37. axb4 Kg8 38. e6 Ra4 39. Rd7 Rxb4 40. Rb7 Rb3 41. Rxg7+ Kxg7 42. f6+ Kg6 43. Be4+ Kxf6 44. Qxh6+ Ke7 45. Qg5+ Kd6 46. Rd1+ Bd5 47. Rxd5+ cxd5 48. Qxd5+ Ke7 49. Qg5+ 1/2-1/2

[Event "Brasov GP RO"]
[Site "Brasov"]
[Date "2023.07.19"]
[Round "6"]
[White "Sava, Robert Gabriel"]
[Black "Manea, Alexandru"]
[Result "1/2-1/2"]
[WhiteElo "2023"]
[BlackElo "2319"]
[PlyCount "80"]
[EventDate "2023.07.16"]
[EventType "swiss"]
[EventRounds "9"]
[EventCountry "ROU"]
[SourceTitle "CBM 215 Extra"]
[Source "ChessBase"]
[SourceDate "2023.09.30"]
[SourceVersion "1"]
[SourceVersionDate "2023.09.30"]
[SourceQuality "1"]

1. d4 Nf6 2. c4 e6 3. Nf3 Bb4+ 4. Bd2 Qe7 5. g3 0-0 6. Bg2 Ne4 7. 0-0 d5 8. a3 Bxd2 9. Nfxd2 Nxd2 10. Nxd2 Rd8 11. cxd5 exd5 12. b4 c6 13. e3 Be6 14. Nb3 Nd7 15. Qc2 h5 16. Nc5 Nxc5 17. bxc5 h4 18. a4 g6 19. a5 Rab8 20. Qb2 Kg7 21. Ra3 Rh8 22. e4 hxg3 23. fxg3 b6 24. axb6 axb6 25. Rb3 b5 26. exd5 Bxd5 27. Bxd5 cxd5 28. Qf2 Rhe8 29. Rf3 Rb7 30. h4 b4 31. h5 gxh5 32. Rf5 Qe3 33. Rxd5 b3 34. c6 Rb4 35. Qxe3 Rxe3 36. c7 Rc4 37. Rc5 Rxc5 38. dxc5 Re8 39. Rb1 Rc8 40. Rxb3 Rxc7 1/2-1/2

[Event "Brasov GP RO"]
[Site "Brasov"]
[Date "2023.07.17"]
[Round "3"]
[White "Manea, Alexandru"]
[Black "Tanasie, Cosmin"]
[Result "1-0"]
[WhiteElo "2319"]
[BlackElo "1818"]
[PlyCount "115"]
[EventDate "2023.07.16"]
[EventType "swiss"]
[EventRounds "9"]
[EventCountry "ROU"]
[SourceTitle "CBM 215 Extra"]
[Source "ChessBase"]
[SourceDate "2023.09.30"]
[SourceVersion "1"]
[SourceVersionDate "2023.09.30"]
[SourceQuality "1"]

1. e4 c5 2. Nc3 Nc6 3. Bb5 Nd4 4. Nf3 e6 5. 0-0 a6 6. Bd3 Ne7 7. Nxd4 cxd4 8. Ne2 Nc6 9. c3 Bc5 10. b4 Ba7 11. Bb2 d5 12. Nxd4 Nxd4 13. cxd4 dxe4 14. Bxe4 Bxd4 15. Qa4+ Bd7 16. Qb3 Bc6 17. Bxc6+ bxc6 18. Rac1 Rc8 19. Rc4 Bxb2 20. Qxb2 0-0 21. Rfc1 Qd6 22. h3 h6 23. Qc3 Rfd8 24. Rc2 a5 25. bxa5 Rb8 26. a6 c5 27. a7 Rb1+ 28. Rc1 Rxc1+ 29. Qxc1 Qa6 30. Rxc5 Qxa7 31. Rc8 Rxc8 32. Qxc8+ Kh7 33. Qc2+ Kg8 34. a4 Qa5 35. Kf1 Kf8 36. d4 Kg8 37. Ke2 Qb4 38. Kd3 Qa3+ 39. Kc4 Qd6 40. Kd3 Qa3+ 41. Ke2 Qb4 42. Qd1 g6 43. Qa1 Qa5 44. Kf1 Qa6+ 45. Kg1 Qa5 46. g3 h5 47. h4 Kf8 48. Kg2 Qa8+ 49. Kh2 Qa5 50. Qa2 Kg7 51. Kg2 Kf6 52. Kf3 Qc3+ 53. Kg2 Qa5 54. Qb3 Ke7 55. Qb7+ Kf6 56. Qb5 Qa8+ 57. Kg1 Qe4 58. Qg5+ 1-0

[Event "Titled Tuesday intern op 13th Jun Late"]
[Site "Chess.com INT"]
[Date "2023.06.13"]
[Round "11"]
[White "Jumabayev, Rinat"]
[Black "Manea, Alexandru"]
[Result "1-0"]
[WhiteElo "2590"]
[BlackElo "2319"]
[PlyCount "117"]
[EventDate "2023.06.13"]
[EventType "swiss (blitz)"]
[EventRounds "11"]
[EventCountry "USA"]
[SourceTitle "EXT 2024"]
[Source "ChessBase"]
[SourceDate "2023.10.10"]
[SourceVersion "1"]
[SourceVersionDate "2023.10.10"]
[SourceQuality "1"]

1. e3 d5 2. Nf3 g6 3. c4 Nf6 4. cxd5 Nxd5 5. e4 Nf6 6. Nc3 c5 7. d4 cxd4 8. Nxd4 Bg7 9. Bb5+ Bd7 10. e5 Ng8 11. e6 Bxb5 12. exf7+ Kxf7 13. Qb3+ e6 14. Qxe6+ Kf8 15. Ndxb5 Nc6 16. Bf4 Qf6 17. Qxf6+ Nxf6 18. 0-0 Nh5 19. Be3 a6 20. Nc7 Rc8 21. Ne6+ Kf7 22. Nxg7 Nxg7 23. Rad1 Rhd8 24. Bb6 Rxd1 25. Rxd1 Re8 26. Kf1 Nf5 27. b3 Re6 28. Na4 Nce7 29. Rd7 Rd6 30. Rxb7 Rd1+ 31. Ke2 Ra1 32. Nc3 Ke6 33. g4 Nd6 34. Ra7 Nd5 35. Nxd5 Rxa2+ 36. Kf3 Kxd5 37. Rxh7 Rb2 38. Be3 Rxb3 39. Ra7 Ra3 40. h4 Ke6 41. Kf4 Ra5 42. Rg7 Ra4+ 43. Kg5 Nf7+ 44. Kxg6 Rxg4+ 45. Bg5 Ne5+ 46. Kh5 Rg2 47. f4 Nd3 48. Rg6+ Kf5 49. Rf6+ Ke4 50. Kg6 a5 51. h5 a4 52. h6 a3 53. h7 a2 54. h8Q Ne5+ 55. fxe5 a1Q 56. Qh4+ Kd3 57. Qh3+ Kc4 58. Qxg2 Qb1+ 59. Rf5 1-0

[Event "Titled Tuesday intern op 13th Jun Late"]
[Site "Chess.com INT"]
[Date "2023.06.13"]
[Round "3"]
[White "Manea, Alexandru"]
[Black "Dardha, Daniel"]
[Result "0-1"]
[WhiteElo "2319"]
[BlackElo "2619"]
[PlyCount "50"]
[EventDate "2023.06.13"]
[EventType "swiss (blitz)"]
[EventRounds "11"]
[EventCountry "USA"]
[SourceTitle "EXT 2024"]
[Source "ChessBase"]
[SourceDate "2023.10.10"]
[SourceVersion "1"]
[SourceVersionDate "2023.10.10"]
[SourceQuality "1"]

1. e4 c5 2. Nc3 Nc6 3. Bb5 Nd4 4. Nf3 e6 5. 0-0 a6 6. Bd3 Nc6 7. Be2 Qc7 8. d4 cxd4 9. Nxd4 Nf6 10. Nxc6 bxc6 11. b3 d5 12. Bd3 Bd6 13. h3 a5 14. Bb2 0-0 15. Qe2 Be5 16. Rfe1 d4 17. Na4 c5 18. Ba3 Nd7 19. g3 Bd6 20. f4 e5 21. f5 Nb6 22. Nxb6 Qxb6 23. g4 c4 24. Bxc4 Bxa3 25. g5 d3+ 0-1

[Event "Bucharest Grand Prix"]
[Site "Bucharest"]
[Date "2023.04.29"]
[Round "3"]
[White "Lupulescu, Constantin"]
[Black "Manea, Alexandru"]
[Result "1-0"]
[WhiteElo "2582"]
[BlackElo "2319"]
[PlyCount "83"]
[EventDate "2023.04.29"]
[EventType "swiss (rapid)"]
[EventRounds "10"]
[EventCountry "ROU"]
[SourceTitle "CBM 213 Extra"]
[Source "ChessBase"]
[SourceDate "2023.05.31"]
[SourceVersion "1"]
[SourceVersionDate "2023.05.31"]
[SourceQuality "1"]

1. d4 d5 2. c4 c6 3. Nf3 Nf6 4. e3 Bf5 5. Nc3 a6 6. Ne5 Nbd7 7. Qb3 Qc7 8. cxd5 Nxe5 9. dxe5 Nxd5 10. Bc4 e6 11. e4 Nxc3 12. exf5 Nd5 13. Bxd5 Qxe5+ 14. Be3 Qxd5 15. Qxb7 c5 16. Qb6 Be7 17. fxe6 0-0 18. exf7+ Qxf7 19. 0-0 Rfb8 20. Qc6 Rc8 21. Qa4 c4 22. Bd4 Bf6 23. Rad1 Bxd4 24. Rxd4 c3 25. bxc3 Rxc3 26. g3 Qf6 27. Rfd1 h6 28. Rf4 Qc6 29. Qd4 Rc1 30. h4 Re8 31. Rxc1 Qxc1+ 32. Kh2 Qc6 33. Qd2 Rf8 34. Rd4 Qf3 35. Kg1 Rb8 36. Qd3 Qf6 37. Kg2 Rf8 38. Qc4+ Qf7 39. Qxf7+ Rxf7 40. Rd6 a5 41. Rd5 a4 42. Ra5 1-0

[Event "ROM-ch"]
[Site "Sebes"]
[Date "2023.02.25"]
[Round "8"]
[White "Manea, Alexandru"]
[Black "David, Alexandru Vasile"]
[Result "0-1"]
[WhiteElo "2335"]
[BlackElo "2405"]
[PlyCount "93"]
[EventDate "2023.02.19"]
[EventType "swiss"]
[EventRounds "9"]
[EventCountry "ROU"]
[SourceTitle "CBM 212 Extra"]
[Source "ChessBase"]
[SourceDate "2023.03.31"]
[SourceVersion "1"]
[SourceVersionDate "2023.03.31"]
[SourceQuality "1"]

1. e4 c5 2. Nf3 Nc6 3. Nc3 Nf6 4. d4 cxd4 5. Nxd4 e5 6. Ndb5 d6 7. Bg5 a6 8. Na3 b5 9. Nd5 Be7 10. Bxf6 Bxf6 11. c3 0-0 12. Nc2 Rb8 13. h4 g6 14. g3 Bg7 15. h5 Be6 16. hxg6 fxg6 17. Bh3 Bf7 18. Qd2 a5 19. a3 Rb7 20. Rd1 Nb8 21. Nce3 Nd7 22. b4 Kh8 23. Qd3 Nb8 24. Bg4 Bg8 25. Rd2 Nc6 26. Bd1 Qc8 27. Bg4 Qd8 28. Kf1 Qg5 29. Kg2 axb4 30. axb4 Nd8 31. Bc8 Rb8 32. Bh3 Ne6 33. Bxe6 Bxe6 34. Nc7 Bd7 35. Qxd6 Rbd8 36. Qxd7 Rxd7 37. Rxd7 Qf6 38. Rf1 Qc6 39. Rfd1 Qxe4+ 40. Kg1 Qf3 41. R1d2 Bh6 42. Ncd5 Ra8 43. Kh2 Bg5 44. Ne7 Bxe3 45. Rd8+ Kg7 46. fxe3 Ra1 47. R2d3 0-1

[Event "ROM-ch"]
[Site "Sebes"]
[Date "2023.02.20"]
[Round "2"]
[White "Manea, Alexandru"]
[Black "Leonte, Luca F"]
[Result "1-0"]
[WhiteElo "2335"]
[BlackElo "1779"]
[PlyCount "69"]
[EventDate "2023.02.19"]
[EventType "swiss"]
[EventRounds "9"]
[EventCountry "ROU"]
[SourceTitle "CBM 212 Extra"]
[Source "ChessBase"]
[SourceDate "2023.03.31"]
[SourceVersion "1"]
[SourceVersionDate "2023.03.31"]
[SourceQuality "1"]

1. c4 c5 2. Nc3 Nf6 3. Nf3 Nc6 4. e3 e5 5. d4 exd4 6. exd4 cxd4 7. Nxd4 Bb4 8. Ndb5 0-0 9. a3 Bxc3+ 10. Nxc3 Re8+ 11. Be2 b6 12. 0-0 Bb7 13. Bf3 Qb8 14. Bg5 Re6 15. Nd5 Ne5 16. Bxf6 gxf6 17. Be4 Ng6 18. Qf3 Qd8 19. Rad1 Rc8 20. Rd4 Bxd5 21. Bxd5 Re5 22. h4 Qe7 23. h5 Nf8 24. Rf4 Ne6 25. Rxf6 Ng5 26. Qf4 h6 27. Bxf7+ Nxf7 28. Rxf7 Qxf7 29. Qxe5 Rxc4 30. Rd1 Rc2 31. Qg3+ Kh8 32. Qe5+ Kg8 33. Qd4 Qxh5 34. Qxd7 Qf7 35. Qg4+ 1-0

[Event "Sebes Romanian Rapid op"]
[Site "Sebes"]
[Date "2022.12.02"]
[Round "2"]
[White "Bucur, Denisa Andreea"]
[Black "Manea, Alexandru"]
[Result "0-1"]
[WhiteElo "1953"]
[BlackElo "2339"]
[PlyCount "74"]
[EventDate "2022.12.02"]
[EventType "swiss (rapid)"]
[EventRounds "8"]
[EventCountry "ROU"]
[SourceTitle "CBM 211 Extra"]
[Source "ChessBase"]
[SourceDate "2023.01.31"]
[SourceVersion "1"]
[SourceVersionDate "2023.01.31"]
[SourceQuality "1"]

1. d4 d5 2. c4 c6 3. Nc3 Nf6 4. e3 a6 5. c5 Bf5 6. Nf3 Nbd7 7. Be2 Qc7 8. b4 e5 9. a4 Ne4 10. Bb2 Nxc3 11. Bxc3 e4 12. Nd2 Be7 13. b5 h5 14. b6 Qb8 15. Qb3 h4 16. h3 Be6 17. Qb2 f5 18. 0-0-0 Nf6 19. f4 Qc8 20. Nf1 Qd7 21. Nh2 Kf7 22. Rhg1 Rag8 23. g4 hxg3 24. Rxg3 Nh5 25. Bxh5+ Rxh5 26. Rdg1 g5 27. Qe2 Rgh8 28. fxg5 Rxh3 29. Nf1 Qd8 30. g6+ Kg7 31. Be1 R3h6 32. R3g2 Bh4 33. Ng3 Qf6 34. Nf1 f4 35. exf4 Qxd4 36. Qb2 Qxb2+ 37. Kxb2 Bxe1 0-1

[Event "Sebes Romanian Rapid op"]
[Site "Sebes"]
[Date "2022.12.02"]
[Round "5"]
[White "Manea, Alexandru"]
[Black "Anghel, Iulian Mihai"]
[Result "1-0"]
[WhiteElo "2339"]
[BlackElo "2063"]
[PlyCount "79"]
[EventDate "2022.12.02"]
[EventType "swiss (rapid)"]
[EventRounds "8"]
[EventCountry "ROU"]
[SourceTitle "CBM 211 Extra"]
[Source "ChessBase"]
[SourceDate "2023.01.31"]
[SourceVersion "1"]
[SourceVersionDate "2023.01.31"]
[SourceQuality "1"]

1. c4 Nf6 2. g3 e6 3. Bg2 d5 4. Nf3 Be7 5. 0-0 0-0 6. cxd5 exd5 7. d4 c6 8. Nc3 Ne4 9. Nxe4 dxe4 10. Ne5 f6 11. Nc4 Be6 12. b3 f5 13. Bf4 Nd7 14. Qc2 Nf6 15. Rad1 Nd5 16. Be5 b5 17. Ne3 Rc8 18. Nxd5 cxd5 19. Qd2 a5 20. Rc1 Qb6 21. Qb2 Bd6 22. Bxd6 Qxd6 23. e3 g5 24. f4 exf3 25. Bxf3 Rxc1 26. Rxc1 f4 27. exf4 gxf4 28. g4 Rc8 29. Rxc8+ Bxc8 30. Qc3 Be6 31. Qxa5 Qd7 32. h3 h5 33. g5 Qg7 34. Qd8+ Kh7 35. Kg2 Bf5 36. Bxd5 Bb1 37. a4 bxa4 38. bxa4 Bd3 39. a5 Be2 40. Be4+ 1-0

[Event "Sebes Romanian Rapid op"]
[Site "Sebes"]
[Date "2022.12.02"]
[Round "3"]
[White "Manea, Alexandru"]
[Black "Jianu, Vlad Cristian"]
[Result "0-1"]
[WhiteElo "2339"]
[BlackElo "2518"]
[PlyCount "58"]
[EventDate "2022.12.02"]
[EventType "swiss (rapid)"]
[EventRounds "8"]
[EventCountry "ROU"]
[SourceTitle "CBM 211 Extra"]
[Source "ChessBase"]
[SourceDate "2023.01.31"]
[SourceVersion "1"]
[SourceVersionDate "2023.01.31"]
[SourceQuality "1"]

1. e4 c6 2. Nf3 d5 3. d3 g6 4. e5 Bg7 5. d4 f6 6. exf6 Nxf6 7. Bd3 0-0 8. 0-0 c5 9. c3 Nc6 10. dxc5 e5 11. Be2 a5 12. Bg5 Be6 13. Nbd2 Qe7 14. Bb5 e4 15. Nd4 Bd7 16. a4 Qxc5 17. N2b3 Qd6 18. h3 Nh5 19. c4 Qe5 20. Be3 Nf4 21. cxd5 Nxd5 22. Nxc6 bxc6 23. Bd4 Qg5 24. h4 Qxh4 25. Bxg7 Kxg7 26. Nc5 Rf5 27. Qd4+ Kh6 28. g3 Qh3 29. Qxe4 Rh5 0-1

[Event "Braila GP RO Stage 5"]
[Site "Braila"]
[Date "2022.11.06"]
[Round "6"]
[White "Manea, Alexandru"]
[Black "Ciolacu, Alessia Mihaela"]
[Result "1/2-1/2"]
[WhiteElo "2339"]
[BlackElo "2097"]
[PlyCount "136"]
[EventDate "2022.11.05"]
[EventType "swiss (rapid)"]
[EventRounds "10"]
[EventCountry "ROU"]
[SourceTitle "EXT 2024"]
[Source "ChessBase"]
[SourceDate "2023.10.10"]
[SourceVersion "1"]
[SourceVersionDate "2023.10.10"]
[SourceQuality "1"]

1. d4 Nf6 2. Nf3 e6 3. g3 c5 4. Bg2 b6 5. 0-0 Bb7 6. c4 cxd4 7. Qxd4 Nc6 8. Qf4 Ne7 9. Nc3 Ng6 10. Qd2 Rc8 11. Qd3 Bb4 12. Bd2 0-0 13. Rac1 Bxf3 14. exf3 Ne5 15. Qe2 Nxc4 16. Bg5 d5 17. f4 Re8 18. Ne4 Be7 19. Nxf6+ Bxf6 20. b3 Nd6 21. Rxc8 Qxc8 22. Bxf6 gxf6 23. Qb2 Qd8 24. Rc1 Nf5 25. Bh3 Nd6 26. Bf1 e5 27. fxe5 fxe5 28. Qd2 d4 29. Bg2 Qf6 30. Rd1 Nb5 31. Qd3 Nc3 32. Re1 Qg6 33. Be4 Nxe4 34. Rxe4 f5 35. Re1 Qf6 36. Qb5 Re7 37. Qd5+ Kg7 38. Rd1 Qe6 39. Qd8 Rd7 40. Qg5+ Qg6 41. Qd2 e4 42. Qf4 Qf6 43. g4 Rd5 44. Rc1 Rc5 45. Rd1 d3 46. Kh1 h6 47. Rg1 Kh7 48. Qb8 d2 49. gxf5 Qf7 50. f6 Rc1 51. Qd6 Rxg1+ 52. Kxg1 Qxf6 53. Qxd2 Qg6+ 54. Kf1 Qe6 55. Qd4 Kg6 56. Ke2 Qg4+ 57. Kf1 Qh3+ 58. Kg1 Qg4+ 59. Kf1 Qh3+ 60. Ke1 Qg4 61. Qd6+ Kg5 62. Qe7+ Kg6 63. Qxa7 Qg1+ 64. Ke2 Qg4+ 65. Ke1 Qg1+ 66. Ke2 Qg4+ 67. Kd2 Qf4+ 68. Ke2 Qg4+ 1/2-1/2

[Event "Braila GP RO Stage 5"]
[Site "Braila"]
[Date "2022.11.06"]
[Round "8"]
[White "Manea, Alexandru"]
[Black "Danila, Tudor Gabriel"]
[Result "1-0"]
[WhiteElo "2339"]
[BlackElo "1939"]
[PlyCount "102"]
[EventDate "2022.11.05"]
[EventType "swiss (rapid)"]
[EventRounds "10"]
[EventCountry "ROU"]
[SourceTitle "EXT 2024"]
[Source "ChessBase"]
[SourceDate "2023.10.10"]
[SourceVersion "1"]
[SourceVersionDate "2023.10.10"]
[SourceQuality "1"]

1. d4 Nf6 2. Bg5 Ne4 3. Bf4 c5 4. d5 d6 5. f3 Nf6 6. e4 g6 7. c4 Bg7 8. Nc3 0-0 9. Bd3 Ne8 10. Nge2 f5 11. Qd2 e5 12. dxe6 Bxe6 13. exf5 Bxf5 14. Bxf5 Rxf5 15. 0-0 Nc6 16. Rad1 Ne5 17. b3 Qe7 18. Ng3 Rf8 19. Rfe1 Qf7 20. Be3 Nc6 21. Nge4 Nd4 22. Ne2 Nxe2+ 23. Rxe2 Be5 24. Ng5 Qe7 25. f4 Bg7 26. Bxc5 Qf6 27. Qd5+ Kh8 28. Be3 h6 29. Ne6 Rf7 30. Nxg7 Nxg7 31. Bd4 Qf5 32. Qxf5 Rxf5 33. Re7 Rg8 34. Rxb7 a5 35. g3 g5 36. fxg5 Rxg5 37. Bxg7+ R8xg7 38. Rxg7 Kxg7 39. Rxd6 h5 40. Rd5 Rxd5 41. cxd5 Kf6 42. Kf2 Ke5 43. Ke3 Kxd5 44. h3 Kc5 45. a3 Kd5 46. g4 hxg4 47. hxg4 Ke5 48. b4 axb4 49. axb4 Kd5 50. g5 Ke5 51. b5 Kd5 1-0

[Event "Braila GP RO Stage 5"]
[Site "Braila"]
[Date "2022.11.06"]
[Round "5"]
[White "Parligras, Mircea Emilian"]
[Black "Manea, Alexandru"]
[Result "1-0"]
[WhiteElo "2567"]
[BlackElo "2339"]
[PlyCount "103"]
[EventDate "2022.11.05"]
[EventType "swiss (rapid)"]
[EventRounds "10"]
[EventCountry "ROU"]
[SourceTitle "EXT 2024"]
[Source "ChessBase"]
[SourceDate "2023.10.10"]
[SourceVersion "1"]
[SourceVersionDate "2023.10.10"]
[SourceQuality "1"]

1. d4 d5 2. c4 c6 3. Nf3 Nf6 4. e3 Bf5 5. Nc3 a6 6. Ne5 Nbd7 7. Qb3 Qc7 8. cxd5 Nxe5 9. dxe5 Nxd5 10. Bc4 e6 11. e4 Nxc3 12. exf5 Nd5 13. Bxd5 Qxe5+ 14. Be3 Qxd5 15. Qxb7 c5 16. Qb6 Be7 17. fxe6 0-0 18. exf7+ Qxf7 19. 0-0 Rfb8 20. Qc6 Bf6 21. a4 Bxb2 22. Rab1 Rc8 23. Qe4 Rab8 24. Qc2 Qb3 25. Qxb3+ Rxb3 26. Bc1 Rcb8 27. Bxb2 Rxb2 28. Rbc1 Rc8 29. Rc4 Rb4 30. Rfc1 Rxc4 31. Rxc4 Kf7 32. Kf1 Ke6 33. Ke2 Kd5 34. Kd3 Rf8 35. f3 Rb8 36. Rg4 Rb3+ 37. Kc2 Rb7 38. Kc3 g6 39. h4 Rd7 40. h5 Rd6 41. Rg5+ Kc6 42. Re5 gxh5 43. Rxh5 h6 44. Rf5 Rg6 45. g4 Rd6 46. f4 Kb6 47. g5 hxg5 48. fxg5 Rd4 49. Rf6+ Ka5 50. Rc6 Kxa4 51. Rxc5 Rg4 52. Rc4+ 1-0